000
00264nam a22000977a 4500
082
_a
100/MIS
100
_a
Mishra,vinay
_9
83955
245
_a
Everyday psychology a guide to your personal well-being
260
_a
New delhi
_b
Manjul publishing house
_c
2018
942
_c
BK
999
_c
68970
_d
68970